[Event "ESP-ch 88th"]
[Site "Marbella"]
[Date "2023.10.21"]
[Round "9"]
[White "Buiza Prieto, Eihartze"]
[Black "Lin, Ying Rui"]
[Result "1-0"]
[WhiteElo "2054"]
[BlackElo "2380"]
[PlyCount "93"]
[EventDate "2023.10.13"]
[EventType "swiss"]
[EventRounds "9"]
[EventCountry "ESP"]
[SourceTitle "Mega2024 Update 01"]
[Source "Chessbase"]
[SourceDate "2023.11.12"]
[SourceVersion "1"]
[SourceVersionDate "2023.11.12"]
[SourceQuality "1"]

1. e4 c5 2. Nf3 e6 3. b3 b6 4. Bb2 Bb7 5. Qe2 Nc6 6. Nc3 Nd4 7. Qd3 Nxf3+ 8. Qxf3 Nf6 9. 0-0-0 Bd6 10. g4 0-0 11. Bg2 Be5 12. g5 Ne8 13. Qg4 f5 14. gxf6 Rxf6 15. Qe2 a5 16. Kb1 Ba6 17. d3 d6 18. Rdf1 Nc7 19. Na4 Nb5 20. f4 Bxb2 21. Kxb2 Nd4 22. Qd2 e5 23. Nc3 Bb7 24. fxe5 dxe5 25. Nd5 Bxd5 26. exd5 Ra7 27. Qg5 h6 28. Qd2 Raf7 29. Rxf6 Rxf6 30. Qe1 Qf8 31. Rf1 Rxf1 32. Qxf1 Qxf1 33. Bxf1 Kf7 34. c3 Nf5 35. Bh3 Ne3 36. c4 g5 37. Be6+ Kf6 38. h3 Ng2 39. Kc2 h5 40. Kd2 Nf4 41. Bc8 e4 42. dxe4 g4 43. hxg4 h4 44. d6 h3 45. g5+ Kxg5 46. Bxh3 Kf6 47. e5+ 1-0

[Event "ESP-ch 88th"]
[Site "Marbella"]
[Date "2023.10.17"]
[Round "5"]
[White "Cuenca Jimenez, Jose Fernando"]
[Black "Lin, Ying Rui"]
[Result "1-0"]
[WhiteElo "2494"]
[BlackElo "2380"]
[PlyCount "60"]
[EventDate "2023.10.13"]
[EventType "swiss"]
[EventRounds "9"]
[EventCountry "ESP"]
[SourceTitle "Mega2024 Update 01"]
[Source "Chessbase"]
[SourceDate "2023.11.12"]
[SourceVersion "1"]
[SourceVersionDate "2023.11.12"]
[SourceQuality "1"]

1. e4 c5 2. Nf3 d6 3. d4 cxd4 4. Nxd4 Nf6 5. Nc3 g6 6. Be3 Bg7 7. f3 a6 8. Qd2 h5 9. Bc4 Nbd7 10. 0-0-0 b5 11. Bd5 Nxd5 12. Nxd5 Ne5 13. b3 e6 14. Nf5 gxf5 15. Bb6 Qd7 16. Nc7+ Ke7 17. Nxa8 Bb7 18. Bc7 Bh6 19. f4 Nd3+ 20. cxd3 Rxa8 21. Ba5 fxe4 22. Kb1 e5 23. Qe2 Qg4 24. Qf2 Bxf4 25. Qb6 Qd7 26. Rhe1 e3 27. Rc1 Rc8 28. Rxc8 Bxc8 29. Rc1 Ke6 30. Qb8 Kd5 1-0

[Event "ESP-ch 88th"]
[Site "Marbella"]
[Date "2023.10.16"]
[Round "4"]
[White "Lin, Ying Rui"]
[Black "Vela Frago, Alberto"]
[Result "1-0"]
[WhiteElo "2380"]
[BlackElo "2263"]
[PlyCount "143"]
[EventDate "2023.10.13"]
[EventType "swiss"]
[EventRounds "9"]
[EventCountry "ESP"]
[SourceTitle "Mega2024 Update 01"]
[Source "Chessbase"]
[SourceDate "2023.11.12"]
[SourceVersion "1"]
[SourceVersionDate "2023.11.12"]
[SourceQuality "1"]

1. Nf3 d5 2. g3 Nd7 3. d4 Nb6 4. Bg2 Bf5 5. 0-0 e6 6. Nbd2 Be7 7. c4 c6 8. Ne5 Nf6 9. b3 0-0 10. Bb2 Nbd7 11. h3 h6 12. a3 a5 13. Re1 Qc7 14. Ndf3 Be4 15. Nd3 Rfd8 16. c5 b6 17. b4 Qb7 18. Qd2 Rdb8 19. Bc3 axb4 20. axb4 Rxa1 21. Rxa1 Ra8 22. Qb2 Ra6 23. Nfe5 Nxe5 24. Nxe5 b5 25. f3 Rxa1+ 26. Qxa1 Bh7 27. Qa5 Nd7 28. Nxd7 Qxd7 29. Qa8+ Bd8 30. g4 f5 31. e3 Kf7 32. Be1 Bg5 33. Bf2 f4 34. h4 fxe3 35. hxg5 exf2+ 36. Kxf2 hxg5 37. Qb8 Bg6 38. Bf1 Bc2 39. Be2 Kg6 40. Kg2 Kf7 41. Qb6 Ke8 42. Kf1 Bb3 43. Kf2 Bc4 44. Bd1 Kf7 45. Bc2 g6 46. Qb8 Qe7 47. Kg2 Qf6 48. Qc7+ Kf8 49. Qxc6 Qxd4 50. Qd6+ Kg7 51. Qe7+ Kh6 52. Qf8+ Kh7 53. Qe7+ Kh6 54. Qf8+ Kh7 55. Qf7+ Kh8 56. Qe8+ Kg7 57. Qxg6+ Kf8 58. Qxg5 Qa1 59. Qd8+ Kf7 60. Qd7+ Kf8 61. Qd6+ Kf7 62. Qf4+ Kg7 63. Qe3 Qb2 64. Qg5+ Kf8 65. Qh6+ Ke7 66. Qh7+ Kf8 67. c6 Qe5 68. c7 Qe2+ 69. Kg3 Qe5+ 70. Kh4 Qe1+ 71. Kg5 Qe5+ 72. Bf5 1-0

[Event "ESP-ch 88th"]
[Site "Marbella"]
[Date "2023.10.14"]
[Round "2"]
[White "Lin, Ying Rui"]
[Black "Iturrizaga Bonelli, Eduardo"]
[Result "0-1"]
[WhiteElo "2380"]
[BlackElo "2615"]
[PlyCount "66"]
[EventDate "2023.10.13"]
[EventType "swiss"]
[EventRounds "9"]
[EventCountry "ESP"]
[SourceTitle "Mega2024 Update 01"]
[Source "Chessbase"]
[SourceDate "2023.11.12"]
[SourceVersion "1"]
[SourceVersionDate "2023.11.12"]
[SourceQuality "1"]

1. Nf3 Nf6 2. g3 b6 3. Bg2 Bb7 4. d4 e6 5. 0-0 Be7 6. c4 0-0 7. Bf4 c6 8. Nfd2 Nh5 9. e4 Nxf4 10. gxf4 f5 11. e5 d5 12. Nc3 Qd7 13. Qa4 Rd8 14. Rfd1 Na6 15. Nf1 Bf8 16. a3 g6 17. Rac1 Nc7 18. Ne3 a5 19. Qb3 Rab8 20. Qxb6 dxc4 21. Na4 Nd5 22. Bxd5 cxd5 23. Nc5 Bxc5 24. Qxc5 Bc6 25. Qxa5 Rxb2 26. Rb1 Rdb8 27. Rxb2 Rxb2 28. Rd2 Rb5 29. Qc3 Rb3 30. Qa5 Qe7 31. Ra2 g5 32. Qa6 Qc7 33. Nf1 Rb8 0-1

[Event "ESP-ch U18"]
[Site "Salobrena"]
[Date "2023.08.05"]
[Round "9"]
[White "Lin, Ying Rui"]
[Black "Gomez Falagan, Daniel"]
[Result "0-1"]
[WhiteElo "1463"]
[BlackElo "2252"]
[PlyCount "81"]
[EventDate "2023.07.31"]
[EventType "swiss"]
[EventRounds "9"]
[EventCountry "ESP"]
[SourceTitle "CBM 215 Extra"]
[Source "ChessBase"]
[SourceDate "2023.09.30"]
[SourceVersion "1"]
[SourceVersionDate "2023.09.30"]
[SourceQuality "1"]

1. Nf3 d5 2. g3 Nf6 3. Bg2 e6 4. c4 Be7 5. 0-0 0-0 6. b3 b6 7. Bb2 Bb7 8. d4 dxc4 9. bxc4 c5 10. e3 Qc7 11. Nbd2 Rd8 12. Qc2 cxd4 13. exd4 b5 14. d5 Bxd5 15. Be5 Qc8 16. Rad1 Nbd7 17. Bxf6 Nxf6 18. Ne5 Qc7 19. Rfe1 Bd6 20. Bxd5 exd5 21. Ndf3 dxc4 22. Qf5 Bxe5 23. Rxd8+ Rxd8 24. Rxe5 a6 25. g4 Qc8 26. Rc5 Qxf5 27. gxf5 h6 28. Ne5 Nd5 29. h4 Nb4 30. Rc7 Nxa2 31. Nxf7 Rf8 32. Ne5 Rxf5 33. Ng6 Kh7 34. h5 c3 35. Kg2 b4 36. Kg3 Rg5+ 37. Kf4 Rxg6 38. hxg6+ Kxg6 39. Rc6+ Kh7 40. Ke5 b3 41. Kd4 0-1

[Event "ESP-ch U18"]
[Site "Salobrena"]
[Date "2023.07.31"]
[Round "1"]
[White "Lin, Ying Rui"]
[Black "Dominguez Martinez, Nicolas"]
[Result "1-0"]
[WhiteElo "1463"]
[BlackElo "1880"]
[PlyCount "53"]
[EventDate "2023.07.31"]
[EventType "swiss"]
[EventRounds "9"]
[EventCountry "ESP"]
[SourceTitle "CBM 215 Extra"]
[Source "ChessBase"]
[SourceDate "2023.09.30"]
[SourceVersion "1"]
[SourceVersionDate "2023.09.30"]
[SourceQuality "1"]

1. Nf3 Nf6 2. g3 g6 3. Bg2 Bg7 4. 0-0 0-0 5. c4 d5 6. cxd5 Nxd5 7. e4 Nf6 8. e5 Nd5 9. Nc3 Be6 10. Ng5 Bxe5 11. Nxe6 fxe6 12. Qe2 Nc6 13. d4 Nxc3 14. bxc3 Bg7 15. Qxe6+ Kh8 16. Bg5 Qd6 17. Rae1 h6 18. Bxc6 Qxe6 19. Rxe6 hxg5 20. Bxb7 Rab8 21. Be4 c5 22. dxc5 Bxc3 23. Rd1 Rb2 24. Rxe7 Rbxf2 25. Rdd7 Rd2 26. Bd3 Rf3 27. Re8+ 1-0

[Event "Huelva"]
[Site "Huelva"]
[Date "2023.07.20"]
[Round "7"]
[White "Lin, Ying Rui"]
[Black "Prado Lobo, Jonas"]
[Result "1/2-1/2"]
[WhiteElo "2389"]
[BlackElo "2359"]
[PlyCount "49"]
[EventDate "2023.07.17"]
[EventType "tourn"]
[EventRounds "9"]
[EventCountry "ESP"]
[EventCategory "4"]
[SourceTitle "CBM 215 Extra"]
[Source "ChessBase"]
[SourceDate "2023.09.30"]
[SourceVersion "1"]
[SourceVersionDate "2023.09.30"]
[SourceQuality "1"]

1. e4 e5 2. Nf3 Nc6 3. Nc3 Nf6 4. d4 exd4 5. Nxd4 Bb4 6. Nxc6 bxc6 7. Bd3 d5 8. Bd2 0-0 9. 0-0 Bxc3 10. Bxc3 dxe4 11. Bxf6 Qxf6 12. Bxe4 Qxb2 13. Bxc6 Rb8 14. Rb1 Qxb1 15. Qxb1 Rxb1 16. Rxb1 Rd8 17. Bf3 Kf8 18. Rb8 Re8 19. h4 Ba6 20. Rb3 Be2 21. Bxe2 Rxe2 22. Ra3 Rxc2 23. Rxa7 c5 24. Rc7 Rxa2 25. Rxc5 1/2-1/2

[Event "Huelva"]
[Site "Huelva"]
[Date "2023.07.19"]
[Round "6"]
[White "Blanco Acevedo, Cristobal Jose"]
[Black "Lin, Ying Rui"]
[Result "0-1"]
[WhiteElo "2285"]
[BlackElo "2389"]
[PlyCount "101"]
[EventDate "2023.07.17"]
[EventType "tourn"]
[EventRounds "9"]
[EventCountry "ESP"]
[EventCategory "4"]
[SourceTitle "CBM 215 Extra"]
[Source "ChessBase"]
[SourceDate "2023.09.30"]
[SourceVersion "1"]
[SourceVersionDate "2023.09.30"]
[SourceQuality "1"]

1. e4 c5 2. Nf3 d6 3. d4 cxd4 4. Nxd4 Nf6 5. Nc3 g6 6. Be2 Bg7 7. Nb3 Nbd7 8. g4 h5 9. g5 Ng4 10. h3 Bxc3+ 11. bxc3 Nge5 12. f4 Nc6 13. c4 b6 14. Bb2 Rg8 15. Nd4 Nxd4 16. Qxd4 Bb7 17. Rf1 Qc7 18. e5 dxe5 19. fxe5 0-0-0 20. 0-0-0 Nc5 21. Qe3 Rxd1+ 22. Bxd1 Rd8 23. Rxf7 Qd7 24. Be2 Qa4 25. Bf3 Qxc4 26. Bxb7+ Kxb7 27. Qf3+ Ka6 28. Qf1 Nd3+ 29. Kb1 Nxb2 30. Kxb2 Qxf1 31. Rxf1 Rd5 32. Re1 Kb5 33. Kc3 Kc6 34. Kc4 b5+ 35. Kb4 a5+ 36. Kb3 Kd7 37. a4 b4 38. Kc4 Ke6 39. Re2 Rxe5 40. Rxe5+ Kxe5 41. Kb5 Kd5 42. Kxa5 Kc5 43. Ka6 e5 44. Kb7 e4 45. a5 e3 46. a6 e2 47. a7 e1Q 48. a8Q Qe4+ 49. Kb8 Qxa8+ 50. Kxa8 Kc4 51. Kb7 0-1

[Event "Zahara de la Sierra 2nd"]
[Site "Zahara de la Sierra"]
[Date "2023.04.06"]
[Round "3"]
[White "Lin, Ying Rui"]
[Black "Blanco Acevedo, Cristobal Jose"]
[Result "1/2-1/2"]
[WhiteElo "2378"]
[BlackElo "2300"]
[PlyCount "128"]
[EventDate "2023.04.05"]
[EventType "tourn"]
[EventRounds "9"]
[EventCountry "ESP"]
[EventCategory "6"]
[SourceTitle "CBM 213 Extra"]
[Source "ChessBase"]
[SourceDate "2023.05.31"]
[SourceVersion "1"]
[SourceVersionDate "2023.05.31"]
[SourceQuality "1"]

1. Nf3 d5 2. g3 Nf6 3. Bg2 e6 4. 0-0 Be7 5. d3 c5 6. Nbd2 Nc6 7. e4 d4 8. a4 e5 9. Nc4 Qc7 10. Nfd2 g5 11. c3 h5 12. Nf3 Nh7 13. b4 g4 14. Ne1 Be6 15. cxd4 cxd4 16. b5 Na5 17. Nxa5 Qxa5 18. Bd2 Bb4 19. Bxb4 Qxb4 20. Rb1 Qa5 21. Rc1 0-0 22. f4 Rac8 23. Rb1 Rc5 24. h3 Nf6 25. hxg4 hxg4 26. Rf2 Rfc8 27. Bf1 Qc7 28. f5 Bd7 29. Qd2 Kf8 30. Rh2 Ke7 31. Rh6 Rg8 32. Qh2 Rc1 33. Qb2 Rc8 34. Rh2 b6 35. Rd2 Qc3 36. Rxc1 Qxc1 37. Qb4+ Rc5 38. Kf2 Kd6 39. Be2 Qc3 40. Nc2 Be8 41. Qxc3 Rxc3 42. Nb4 Bd7 43. Bd1 Bc8 44. Rc2 Kc5 45. Nc6 Rxc2+ 46. Bxc2 Nd7 47. Bb3 f6 48. Be6 Kd6 49. Nxa7 Bb7 50. Bxd7 Kxd7 51. Ke2 Kc7 52. Kd2 Kb8 53. Nc6+ Bxc6 54. bxc6 Kc7 55. Kc2 Kxc6 56. Kb3 b5 57. Kb4 bxa4 58. Kxa4 Kc5 59. Ka5 Kc6 60. Ka6 Kc5 61. Ka5 Kc6 62. Ka4 Kc5 63. Ka3 Kc6 64. Kb4 Kb6 1/2-1/2

[Event "Zahara de la Sierra 2nd"]
[Site "Zahara de la Sierra"]
[Date "2023.04.05"]
[Round "2"]
[White "Ingunza Curro, Andres"]
[Black "Lin, Ying Rui"]
[Result "1/2-1/2"]
[WhiteElo "2366"]
[BlackElo "2378"]
[PlyCount "58"]
[EventDate "2023.04.05"]
[EventType "tourn"]
[EventRounds "9"]
[EventCountry "ESP"]
[EventCategory "6"]
[SourceTitle "CBM 213 Extra"]
[Source "ChessBase"]
[SourceDate "2023.05.31"]
[SourceVersion "1"]
[SourceVersionDate "2023.05.31"]
[SourceQuality "1"]

1. e4 c5 2. Nf3 e6 3. d4 cxd4 4. Nxd4 a6 5. Bd3 Qc7 6. 0-0 d6 7. Qe2 Nf6 8. Kh1 g6 9. Bg5 Bg7 10. f4 0-0 11. c3 Nbd7 12. Nd2 e5 13. fxe5 dxe5 14. Nc2 h6 15. Bxf6 Nxf6 16. Bc4 b5 17. Bb3 Bb7 18. a4 Rad8 19. axb5 axb5 20. Nb4 Kh8 21. Rad1 Qc5 22. Nd3 Qe7 23. Nb4 h5 24. Nf3 Nxe4 25. Bd5 f5 26. Qxb5 Bxd5 27. Nxd5 Qa7 28. Qe2 Rde8 29. c4 Nf6 1/2-1/2

[Event "Benalmadena Rapid op 1st"]
[Site "Benalmadena"]
[Date "2023.02.26"]
[Round "7"]
[White "Martinez Ramirez, Lennis"]
[Black "Lin, Ying Rui"]
[Result "1-0"]
[WhiteElo "2415"]
[BlackElo "2380"]
[PlyCount "97"]
[EventDate "2023.02.25"]
[EventType "swiss (rapid)"]
[EventRounds "9"]
[EventCountry "ESP"]
[SourceTitle "CBM 212 Extra"]
[Source "ChessBase"]
[SourceDate "2023.03.31"]
[SourceVersion "1"]
[SourceVersionDate "2023.03.31"]
[SourceQuality "1"]

1. b4 e5 2. Bb2 d6 3. g3 Nf6 4. Bg2 Be7 5. d3 0-0 6. Nf3 a5 7. b5 a4 8. 0-0 Nbd7 9. e4 Nc5 10. Nc3 Bg4 11. h3 Bh5 12. Rb1 c6 13. Ba3 Ne6 14. Qd2 h6 15. bxc6 bxc6 16. Rb7 Nh7 17. Nxe5 Bg5 18. f4 dxe5 19. fxg5 Qd4+ 20. Kh2 Rfb8 21. Rxb8+ Rxb8 22. gxh6 g5 23. Bf3 g4 24. Ne2 Qd8 25. Bxg4 Bxg4 26. hxg4 Nhg5 27. Qc3 f6 28. Qxc6 Kf7 29. Kg2 Kg6 30. Qxa4 Rb7 31. Nc3 Qc8 32. Nd5 Nf4+ 33. Nxf4+ exf4 34. Rxf4 Rc7 35. c4 Ne6 36. Rf2 Ng5 37. Qd1 Qh8 38. Bb2 Rf7 39. Qh1 Qd8 40. Qf1 Qd6 41. a4 Qe6 42. a5 Qxg4 43. Rxf6+ Rxf6 44. Qxf6+ Kh5 45. Qf2 Qh3+ 46. Kg1 Qg4 47. h7 Nxh7 48. Qf5+ Ng5 49. Qxg4+ 1-0

[Event "Roquetas de Mar op 34th"]
[Site "Roquetas de Mar"]
[Date "2023.01.05"]
[Round "5"]
[White "Lin, Ying Rui"]
[Black "Vaibhav, Jayant Raut"]
[Result "1/2-1/2"]
[WhiteElo "2373"]
[BlackElo "2269"]
[PlyCount "62"]
[EventDate "2023.01.03"]
[EventType "swiss"]
[EventRounds "9"]
[EventCountry "ESP"]
[SourceTitle "CBM 212 Extra"]
[Source "ChessBase"]
[SourceDate "2023.03.31"]
[SourceVersion "1"]
[SourceVersionDate "2023.03.31"]
[SourceQuality "1"]

1. d4 Nf6 2. Nf3 e6 3. g3 b6 4. Bg2 Bb7 5. 0-0 Be7 6. b3 0-0 7. Bb2 c5 8. c4 cxd4 9. Qxd4 Nc6 10. Qf4 d5 11. Rd1 Qb8 12. Ne5 Bd6 13. Nxc6 Bxc6 14. Qe3 Bc5 15. Qg5 h6 16. Qh4 Be7 17. Nc3 Qb7 18. cxd5 Nxd5 19. Qg4 Nf6 20. Bxc6 Qxc6 21. Qf4 Rfd8 22. Rac1 Rxd1+ 23. Rxd1 Rd8 24. Rxd8+ Bxd8 25. Qb8 Qd7 26. Nb5 Qd1+ 27. Kg2 Qd5+ 28. Kg1 Qd1+ 29. Kg2 Qd5+ 30. Kg1 Qd1+ 31. Kg2 Qd5+ 1/2-1/2

[Event "Roquetas de Mar op 34th"]
[Site "Roquetas de Mar"]
[Date "2023.01.05"]
[Round "4"]
[White "Rios, Cristhian Camilo"]
[Black "Lin, Ying Rui"]
[Result "1-0"]
[WhiteElo "2470"]
[BlackElo "2373"]
[PlyCount "87"]
[EventDate "2023.01.03"]
[EventType "swiss"]
[EventRounds "9"]
[EventCountry "ESP"]
[SourceTitle "CBM 212 Extra"]
[Source "ChessBase"]
[SourceDate "2023.03.31"]
[SourceVersion "1"]
[SourceVersionDate "2023.03.31"]
[SourceQuality "1"]

1. c4 f5 2. d4 Nf6 3. Nc3 e6 4. Nf3 Be7 5. g3 0-0 6. Bg2 d6 7. 0-0 Qe8 8. Re1 Ne4 9. Qc2 Qg6 10. Nd2 Nxc3 11. Qxc3 Bf6 12. e4 c5 13. e5 cxd4 14. Qb3 Bxe5 15. Bxb7 Bxb7 16. Qxb7 f4 17. Rxe5 dxe5 18. Qxa8 Nd7 19. Qc6 Qf5 20. Qe4 Qh5 21. f3 fxg3 22. hxg3 Nf6 23. Qe2 d3 24. Qh2 Qf5 25. Nf1 Qxf3 26. Bd2 Qb7 27. Qh3 Qb6+ 28. Be3 Qxb2 29. Qxe6+ Kh8 30. Qd6 Kg8 31. Rd1 e4 32. Qe6+ Rf7 33. c5 Qe2 34. c6 Nd5 35. Qxd5 Qxd1 36. Bf4 e3 37. c7 Qc2 38. Nxe3 Qc1+ 39. Nf1 d2 40. Qxd2 Qc5+ 41. Qe3 Qc6 42. Bd6 Qd7 43. Qb3 h5 44. Qb8+ 1-0

[Event "ESP-ch 87th"]
[Site "Linares"]
[Date "2022.08.16"]
[Round "7"]
[White "Lin, Ying Rui"]
[Black "Domingo Nunez, Alejandro"]
[Result "1-0"]
[WhiteElo "2314"]
[BlackElo "2345"]
[PlyCount "123"]
[EventDate "2022.08.11"]
[EventType "swiss"]
[EventRounds "9"]
[EventCountry "ESP"]
[SourceTitle "CBM 209 Extra"]
[Source "ChessBase"]
[SourceDate "2022.09.30"]
[SourceVersion "1"]
[SourceVersionDate "2022.09.30"]
[SourceQuality "1"]

1. c4 b6 2. Nc3 Bb7 3. Nf3 Nf6 4. g3 g6 5. Bg2 Bg7 6. 0-0 0-0 7. Rb1 c5 8. a3 d5 9. cxd5 Nxd5 10. Nxd5 Qxd5 11. d3 Nc6 12. Ng5 Qd7 13. Qa4 h6 14. Nf3 Ne5 15. Qxd7 Nxd7 16. Bd2 Rac8 17. Rfc1 Rfd8 18. Bc3 Nf6 19. Nd2 Bxg2 20. Kxg2 Bf8 21. Bxf6 exf6 22. Rc2 Re8 23. Ne4 Rc6 24. g4 Kg7 25. Rbc1 Rce6 26. f4 f5 27. gxf5 gxf5 28. Ng3 Kh7 29. Re1 Re3 30. Kf2 Bg7 31. Nxf5 Rh3 32. Rg1 Bf6 33. Kg2 Rg8+ 34. Ng3 Rh5 35. Kh1 Bd4 36. Rg2 Rh4 37. e3 Bxe3 38. Nf5 Rxg2 39. Rxg2 Rh3 40. Rg7+ Kh8 41. Kg2 Rh5 42. Rxf7 Bxf4 43. Rf8+ Kh7 44. h4 Be5 45. Kh3 Kg6 46. Kg4 Bf6 47. Rxf6+ Kxf6 48. Kxh5 Kxf5 49. Kxh6 Kf6 50. a4 a6 51. h5 b5 52. axb5 axb5 53. b3 b4 54. Kh7 Ke5 55. Kg6 Kd4 56. h6 Kxd3 57. h7 Kc3 58. h8Q+ Kxb3 59. Qa1 c4 60. Kf5 c3 61. Ke4 c2 62. Kd3 1-0

[Event "ESP-ch 87th"]
[Site "Linares"]
[Date "2022.08.13"]
[Round "3"]
[White "Lin, Ying Rui"]
[Black "Narciso Dublan, Marc"]
[Result "0-1"]
[WhiteElo "2314"]
[BlackElo "2455"]
[PlyCount "70"]
[EventDate "2022.08.11"]
[EventType "swiss"]
[EventRounds "9"]
[EventCountry "ESP"]
[SourceTitle "CBM 209 Extra"]
[Source "ChessBase"]
[SourceDate "2022.09.30"]
[SourceVersion "1"]
[SourceVersionDate "2022.09.30"]
[SourceQuality "1"]

1. d4 e6 2. c4 f5 3. g3 Nf6 4. Bg2 d5 5. Nf3 Bd6 6. 0-0 0-0 7. b3 b6 8. Ba3 Bb7 9. Bxd6 cxd6 10. Nc3 Ne4 11. Rc1 Nd7 12. Ne1 Rc8 13. Nb5 a6 14. Bxe4 axb5 15. Bf3 Qc7 16. Nd3 bxc4 17. bxc4 dxc4 18. Nf4 Rfe8 19. d5 e5 20. Ne6 Qb8 21. e4 fxe4 22. Bxe4 Nf6 23. f3 Qa8 24. Qd2 Bxd5 25. Nxg7 Kxg7 26. Qg5+ Kf7 27. f4 Rg8 28. Qh6 Nxe4 29. fxe5+ Ke8 30. Rce1 Qa3 31. exd6 Rxg3+ 32. hxg3 Qxg3+ 33. Kh1 Kd7 34. Qxh7+ Kxd6 35. Qh6+ Nf6+ 0-1

[Event "ESP-ch U18 Rapid"]
[Site "Salobrena"]
[Date "2022.08.07"]
[Round "6"]
[White "Lin, Ying Rui"]
[Black "Garrido Outon, Alex"]
[Result "0-1"]
[WhiteElo "2111"]
[BlackElo "1999"]
[PlyCount "95"]
[EventDate "2022.08.06"]
[EventType "swiss (rapid)"]
[EventRounds "9"]
[EventCountry "ESP"]
[SourceTitle "EXT 2023"]
[Source "ChessBase"]
[SourceDate "2022.10.05"]
[SourceVersion "1"]
[SourceVersionDate "2022.10.05"]
[SourceQuality "1"]

1. d4 Nf6 2. Nf3 d5 3. c4 e6 4. Nc3 a6 5. cxd5 exd5 6. Bg5 Be6 7. e3 h6 8. Bh4 Nbd7 9. Be2 Bd6 10. 0-0 0-0 11. Bg3 Bxg3 12. hxg3 c6 13. Qc2 Bg4 14. Nh4 Bxe2 15. Qxe2 Qe7 16. Qf3 g6 17. Qf4 Kg7 18. Nf3 Rac8 19. Nd2 Rfe8 20. Rae1 Nf8 21. g4 Qc7 22. Qf3 Ne6 23. Qh3 c5 24. dxc5 Nxc5 25. Nf3 Nd3 26. Rd1 Qc4 27. Rd2 Nxb2 28. Rxb2 Qxc3 29. Rxb7 Rc7 30. Rfb1 Rxb7 31. Rxb7 Qc1+ 32. Kh2 Qc8 33. Rb4 Ne4 34. Rb2 Nf6 35. Rb4 Re4 36. Rxe4 dxe4 37. Nd4 Nxg4+ 38. Kg3 h5 39. f3 Qc7+ 40. Kh4 Nxe3 41. fxe4 Qf4+ 42. g4 Qf6+ 43. Kg3 Qxd4 44. gxh5 Qe5+ 45. Kf3 Qxh5+ 46. Qxh5 gxh5 47. Kxe3 Kf6 48. Kf4 0-1

[Event "ESP-ch U18 Rapid"]
[Site "Salobrena"]
[Date "2022.08.06"]
[Round "3"]
[White "De Pedro Cuadrado, Marcos"]
[Black "Lin, Ying Rui"]
[Result "0-1"]
[WhiteElo "1788"]
[BlackElo "2111"]
[PlyCount "86"]
[EventDate "2022.08.06"]
[EventType "swiss (rapid)"]
[EventRounds "9"]
[EventCountry "ESP"]
[SourceTitle "EXT 2023"]
[Source "ChessBase"]
[SourceDate "2022.10.05"]
[SourceVersion "1"]
[SourceVersionDate "2022.10.05"]
[SourceQuality "1"]

1. e4 c5 2. Nf3 d6 3. d4 cxd4 4. Nxd4 Nf6 5. Nc3 g6 6. Be3 Bg7 7. f3 a6 8. Qd2 h5 9. a4 Nbd7 10. Nb3 Ne5 11. a5 Be6 12. Nd5 Bxd5 13. exd5 Rc8 14. Ra4 Qd7 15. Rb4 h4 16. Be2 h3 17. g3 0-0 18. c3 e6 19. dxe6 fxe6 20. 0-0 Nd5 21. Rh4 Nxe3 22. Qxe3 Rf6 23. Rxh3 Nc4 24. Bxc4 Rxc4 25. Nd2 Ra4 26. Ne4 Rf5 27. Rd1 Rfxa5 28. Nc5 Rxc5 29. Qxc5 Ra1 30. Qe3 Rxd1+ 31. Kg2 e5 32. Qe2 Ra1 33. Rh4 Qb5 34. Rc4 d5 35. Rc8+ Kh7 36. Qxb5 axb5 37. Rc5 d4 38. cxd4 exd4 39. Rd5 Rb1 40. Rxb5 d3 41. Rd5 Rxb2+ 42. Kf1 d2 43. Ke2 Bc3 0-1